[Event "Ostravský koník 2017 - MÈR"]
[Site "Ostrava"]
[Date "2017.05.04"]
[Round "6"]
[White "Roubalik, Jakub"]
[Black "Havlikova, Kristyna"]
[Result "1/2-1/2"]
[WhiteElo "2397"]
[BlackElo "2251"]
[PlyCount "82"]

1. d4 Nf6 2. c4 g6 3. Nc3 d5 4. cxd5 Nxd5 5. e4 Nxc3 6. bxc3 Bg7 7. Nf3 c5 8.
Rb1 O-O 9. Be2 cxd4 10. cxd4 Qa5+ 11. Bd2 Qxa2 12. O-O Bg4 13. Bg5 h6 14. Be3
Nc6 15. d5 Bxf3 16. Bxf3 Ne5 17. Rxb7 a5 18. Bc5 a4 19. Bxe7 Rfb8 20. Rxb8+
Rxb8 21. d6 Qe6 22. Qxa4 Nxf3+ 23. gxf3 Qh3 24. Qa5 Qxf3 25. Bh4 Qxe4 26. Bg3
Rb1 27. Qa6 Rxf1+ 28. Qxf1 Qd5 29. Qe2 Bf6 30. Qe8+ Kg7 31. h4 h5 32. Kh2 g5
33. hxg5 Qxg5 34. Qe4 Qg4 35. Qd5 Qg5 36. Qe4 Qg4 37. Qd5 Qg5 38. Qe4 Qg4 39.
Bf4 Qh4+ 40. Kg2 Qg4+ 41. Kh2 Qh4+ {Bg3} 1/2-1/2

[Event "Ostravský koník 2017 - MÈR"]
[Site "Ostrava"]
[Date "2017.05.04"]
[Round "6"]
[White "Olsarova, Karolina"]
[Black "Vavra, Pavel"]
[Result "1-0"]
[WhiteElo "2245"]
[BlackElo "2390"]
[PlyCount "196"]

1. e4 e6 2. d4 d5 3. Nd2 Nc6 4. Ngf3 Nf6 5. e5 Nd7 6. Be2 f6 7. exf6 Nxf6 8.
Nf1 Bd6 9. Bg5 O-O 10. Ne3 Ne7 11. O-O c5 12. c3 cxd4 13. cxd4 Qb6 14. Qb1 Ne4
15. Nc4 Qc7 16. Nxd6 Qxd6 17. Bxe7 Qxe7 18. Bd3 Rxf3 19. Bxe4 Rf4 20. Bxh7+ Kh8
21. Qd3 Bd7 22. Bg6 Qg5 23. Qe3 Raf8 24. Bc2 Bb5 25. Rfd1 Qh4 26. Rd2 Be8 27.
Re1 R8f6 28. g3 Qg4 29. Bd1 Qg6 30. Bc2 Qg4 31. Qe5 Bg6 32. Bd1 Qh3 33. f3 R4f5
34. Qe3 Bh5 35. Rf2 Bf7 36. f4 Bg6 37. Bf3 Bf7 38. Bg2 Qh6 39. Bf3 g5 40. fxg5
Rxg5 41. Bg2 Rxf2 42. Qxf2 Kg7 43. Qe3 Rg4 44. Qxh6+ Kxh6 45. Rd1 Rg8 46. Kf2
Rc8 47. Ke3 Kg5 48. Bf3 Kf6 49. Bg4 Bg6 50. Rf1+ Ke7 51. h4 Rc2 52. Rf2 Rc1 53.
Be2 Rc2 54. Bf1 Rc1 55. g4 Re1+ 56. Be2 Bb1 57. a3 Rg1 58. Kf4 Be4 59. Bf3 Bxf3
60. Rxf3 Rd1 61. Ke3 Re1+ 62. Kd3 Rd1+ 63. Kc3 Rc1+ 64. Kd2 Rg1 65. Rf4 Rg2+
66. Kc3 Rg3+ 67. Kb4 e5 68. dxe5 Ke6 69. Kc5 Kxe5 70. Rf5+ Ke6 71. Rg5 Rg2 72.
h5 Rxb2 73. h6 Rc2+ 74. Kd4 Rd2+ 75. Kc3 Rh2 76. Rg6+ Ke5 77. g5 d4+ 78. Kc4
Ke4 79. Rd6 Kf5 80. g6 Rxh6 81. g7 Rxd6 82. g8=Q d3 83. Qh7+ Ke6 84. Qe4+ Kf6
85. Kc5 Rc6+ 86. Kd5 d2 87. Qe5+ Kf7 88. Qe2 Rc8 89. Qh5+ Kg7 90. Ke6 Rc6+ 91.
Ke7 Rc7+ 92. Kd8 Rc5 93. Qg4+ Kf6 94. Qf4+ Ke6 95. Qe3+ Re5 96. Qh6+ Kd5 97.
Qxd2+ Kc5 98. Qc3+ Kd5 1-0

[Event "Ostravský koník 2017 - MÈR"]
[Site "Ostrava"]
[Date "2017.05.04"]
[Round "6"]
[White "Kolar, Stanislav"]
[Black "Malik, Jan"]
[Result "1-0"]
[WhiteElo "2094"]
[BlackElo "2290"]
[PlyCount "105"]

1. Nf3 d5 2. g3 e6 3. Bg2 Nf6 4. O-O Be7 5. c4 O-O 6. d4 c6 7. Nc3 b6 8. Qa4
Bb7 9. Bf4 a6 10. Qb3 Nbd7 11. Rfd1 dxc4 12. Qxc4 b5 13. Qb3 Qa5 14. Ne5 Nxe5
15. Bxe5 Nd7 16. Bf4 Qb6 17. Rac1 c5 18. d5 c4 19. Qc2 e5 20. d6 Bxd6 21. Be3
Bc5 22. Bxb7 Qxb7 23. Rxd7 Qxd7 24. Bxc5 Rfc8 25. Rd1 Qb7 26. Bd6 b4 27. Nd5
Rd8 28. Ne7+ Kh8 29. Nf5 f6 30. Qxc4 Qc8 31. Ne3 a5 32. b3 a4 33. Qxb4 axb3 34.
Qxb3 Qa6 35. Be7 Rxd1+ 36. Qxd1 Qxa2 37. Kg2 Qa7 38. Qd5 Re8 39. Nf5 Qa8 40. e4
h6 41. Kh3 Rg8 42. Nxh6 Rc8 43. Nf5 Rg8 44. Qd1 Qe8 45. Qg4 Kh7 46. Qh4+ Kg6
47. Qg4+ Kh7 48. Bxf6 g5 49. Bxg5 Rf8 50. Qh4+ Kg8 51. Ne7+ Kf7 52. Qh5+ Ke6
53. Qh6+ 1-0

[Event "Ostravský koník 2017 - MÈR"]
[Site "Ostrava"]
[Date "2017.05.04"]
[Round "6"]
[White "Belunek, Vladimir"]
[Black "Jurek, Josef"]
[Result "1/2-1/2"]
[WhiteElo "2248"]
[BlackElo "2277"]
[PlyCount "41"]

1. d4 Nf6 2. c4 e6 3. Nf3 b6 4. g3 Bb7 5. Bg2 Be7 6. O-O O-O 7. Nc3 Na6 8. Re1
Ne4 9. Nxe4 Bxe4 10. a3 c5 11. Qa4 Qc8 12. Be3 Qb7 13. Red1 d5 14. cxd5 Bxd5
15. Ne1 Bxg2 16. Nxg2 Rfd8 17. Nf4 b5 18. Qc2 cxd4 19. Rxd4 Rdc8 20. Qd1 Nc5
21. Rd2 1/2-1/2

[Event "Ostravský koník 2017 - MÈR"]
[Site "Ostrava"]
[Date "2017.05.04"]
[Round "6"]
[White "Machycek, Lubomir"]
[Black "Bures, Martin"]
[Result "1/2-1/2"]
[WhiteElo "2222"]
[BlackElo "2084"]
[PlyCount "99"]

1. c4 f5 2. Nf3 Nf6 3. g3 e6 4. Bg2 c6 5. b3 Be7 6. O-O O-O 7. Bb2 Na6 8. d4 d5
9. Nc3 Nc7 10. Ne5 Nd7 11. e3 Nxe5 12. dxe5 dxc4 13. bxc4 Na6 14. Qxd8 Rxd8 15.
Rfd1 Bd7 16. Rd4 Bc5 17. Rd2 Be8 18. Rad1 Rxd2 19. Rxd2 Bb4 20. Bf3 Nc5 21. Rd1
g5 22. Ne2 Kf8 23. Nd4 Rd8 24. Nc2 Rxd1+ 25. Bxd1 Nd3 26. Bd4 Be7 27. Bxa7 Nxe5
28. Nd4 Bd7 29. Be2 g4 30. Nb3 Bc8 31. Kf1 Kf7 32. Bd4 Nd7 33. e4 Bf6 34. Be3
h5 35. exf5 exf5 36. f4 gxf3 37. Bxf3 h4 38. gxh4 Ne5 39. Be2 Be6 40. Na5 Bxh4
41. Nxb7 Nxc4 42. Bc1 Nb6 43. Be3 Nd5 44. Bf2 Be7 45. Nc5 Bxc5 46. Bxc5 Nf4 47.
a4 Nxe2 48. Kxe2 Ke8 49. Ke3 Kd7 50. Kf4 1/2-1/2

[Event "Ostravský koník 2017 - MÈR"]
[Site "Ostrava"]
[Date "2017.05.04"]
[Round "6"]
[White "Kabelka, Ondrej"]
[Black "Psenicka, Pavel"]
[Result "0-1"]
[WhiteElo "2069"]
[BlackElo "2019"]
[PlyCount "220"]

1. d4 Nf6 2. c4 g6 3. Nc3 d5 4. Nf3 Bg7 5. Bg5 Ne4 6. cxd5 Nxg5 7. Nxg5 e6 8.
Qa4+ Kf8 9. Nf3 exd5 10. e3 c6 11. Be2 Bf6 12. O-O Kg7 13. b4 a6 14. Qb3 Be6
15. a4 Nd7 16. Rfc1 Nb6 17. Rab1 Nc8 18. Qd1 Nd6 19. b5 axb5 20. axb5 Bf5 21.
Rb2 Qa5 22. bxc6 bxc6 23. Ra2 Qb4 24. Ra4 Rxa4 25. Qxa4 Qb2 26. Qd1 Rc8 27. Na4
Qb7 28. Nc5 Qe7 29. h3 h5 30. Bd3 Bxd3 31. Qxd3 Nc4 32. Rb1 Qd6 33. Nd2 Nxd2
34. Qxd2 Rb8 35. Rc1 Bd8 36. Qc3 Rb6 37. Nd3 Bc7 38. Ne5 f6 39. Nf3 Bd8 40. g3
Be7 41. h4 Qb4 42. Qc2 Qb5 43. Kg2 Kf7 44. Ne1 Ba3 45. Ra1 Qb2 46. Qxb2 Bxb2
47. Rb1 Bxd4 48. Rc1 Be5 49. Nd3 Bd6 50. Kf3 Ke6 51. Rc2 Kd7 52. e4 dxe4+ 53.
Kxe4 Ra6 54. Rc4 Ra5 55. Kf3 Rb5 56. Ke4 f5+ 57. Ke3 c5 58. Ra4 Kc6 59. Kd2 Kd5
60. Kc3 Rb6 61. Ra5 Rb7 62. Ra4 Re7 63. Ra5 Re4 64. Rb5 Kc6 65. Ra5 Kb6 66. Ra8
c4 67. Nc1 f4 68. Rg8 Re6 69. gxf4 Bxf4 70. Na2 Kc5 71. Rc8+ Kd5 72. Nb4+ Ke5
73. Rxc4 Kf5 74. Nd3 Bd6 75. Kd2 Be7 76. f3 g5 77. hxg5 Bxg5+ 78. f4 Bf6 79.
Rc8 h4 80. Rg8 Re7 81. Rg1 h3 82. Nf2 h2 83. Rh1 Kxf4 84. Rxh2 Kg3 85. Ng4 Kxg4
86. Re2 Rd7+ 87. Kc2 Kf3 88. Re6 Bd4 89. Re8 Be3 90. Kc3 Ke2 91. Kc4 Rd4+ 92.
Kc3 Rd1 93. Kc4 Rc1+ 94. Kd5 Kd3 95. Rh8 Rc5+ 96. Ke6 Ke4 97. Kd6 Rd5+ 98. Ke6
Bf4 99. Rh1 Rd6+ 100. Ke7 Ra6 101. Re1+ Kf5 102. Kd7 Rd6+ 103. Ke7 Rc6 104. Rf1
Rc7+ 105. Kd8 Rh7 106. Kc8 Ke5 107. Rd1 Ke6 108. Rd7 Rh1 109. Rd3 Rb1 110. Re3+
Bxe3 0-1

[Event "Ostravský koník 2017 - MÈR"]
[Site "Ostrava"]
[Date "2017.05.04"]
[Round "6"]
[White "Vybiral, Zdenek"]
[Black "Solc, Filip"]
[Result "1/2-1/2"]
[WhiteElo "2271"]
[BlackElo "2005"]
[PlyCount "90"]

1. d4 Nf6 2. c4 c5 3. Nf3 g6 4. Nc3 Bg7 5. e4 cxd4 6. Nxd4 d6 7. Be2 O-O 8. O-O
Nc6 9. Nc2 Bd7 10. Be3 Rc8 11. f3 a6 12. Qd2 Qc7 13. Rac1 Ne5 14. Na3 Be6 15.
Nd5 Bxd5 16. cxd5 Qb8 17. b3 b5 18. Nc2 Qb7 19. Qa5 e6 20. dxe6 fxe6 21. Nd4
Kf7 22. a4 Ke7 23. axb5 axb5 24. Bxb5 Rxc1 25. Rxc1 Rc8 26. Ra1 Rc7 27. Bf1 Nc6
28. Nxc6+ Rxc6 29. b4 Nd7 30. Rb1 Bc3 31. Qg5+ Nf6 32. b5 Rc8 33. Rc1 Bb4 34.
Rxc8 Qxc8 35. e5 dxe5 36. Qxe5 Nd5 37. Bg5+ Kf7 38. Bh4 Bc3 39. Qe4 Bb4 40. Bf2
Bc5 41. Qc4 Bxf2+ 42. Kxf2 Qb8 43. h4 Qb6+ 44. Kg3 Qd6+ 45. Kf2 Qb6+ 1/2-1/2

[Event "Ostravský koník 2017 - FIDE Open A"]
[Site "Ostrava"]
[Date "2017.05.04"]
[Round "6"]
[White "Koziol, Kamil"]
[Black "Vesselovsky, Serguei"]
[Result "0-1"]
[WhiteElo "2316"]
[BlackElo "2344"]
[PlyCount "116"]

1. e4 c5 2. Nf3 g6 3. d4 Bg7 4. dxc5 Qa5+ 5. c3 Qxc5 6. Na3 d6 7. Nb5 a6 8. Be3
Qc6 9. Nbd4 Qc7 10. Qb3 Nf6 11. Nd2 O-O 12. f3 Nbd7 13. Be2 b6 14. O-O Nc5 15.
Qc2 d5 16. b4 Ncd7 17. c4 dxe4 18. Nxe4 Nxe4 19. Qxe4 Bb7 20. Qh4 e5 21. Nb3 e4
22. Rac1 exf3 23. Bxf3 Bxf3 24. Rxf3 Ne5 25. Rh3 h5 26. c5 b5 27. Rf1 Ng4 28.
Bd4 Rad8 29. Bxg7 Kxg7 30. Rhf3 f5 31. Qg3 Qxg3 32. Rxg3 f4 33. Rgf3 g5 34. g3
Ne5 35. Rc3 Rf6 36. Re1 f3 37. Rc2 f2+ 38. Rxf2 Rxf2 39. Kxf2 Nd3+ 40. Ke2 Nxe1
41. Kxe1 Kf6 42. Ke2 Ke5 43. Ke3 Kd5 44. Nd2 g4 45. Kd3 Rf8 46. Nb1 Rf3+ 47.
Ke2 Kd4 48. Nd2 Ra3 49. Nb3+ Kd5 50. Nc1 Ra4 51. Nd3 Rxa2+ 52. Ke3 Rxh2 53.
Nf4+ Kc6 54. Kd4 Rh3 55. Ne2 h4 56. gxh4 g3 57. Ke3 g2+ 58. Kf2 Rxh4 0-1

[Event "Ostravský koník 2017 - FIDE Open A"]
[Site "Ostrava"]
[Date "2017.05.04"]
[Round "6"]
[White "Muzik, Martin"]
[Black "Firt, Stanislav"]
[Result "1-0"]
[WhiteElo "2124"]
[BlackElo "2228"]
[PlyCount "120"]

1. e4 c5 2. c3 Nf6 3. e5 Nd5 4. d4 cxd4 5. Nf3 d6 6. cxd4 Nc6 7. Bc4 e6 8. O-O
Be7 9. a3 O-O 10. Qe2 Bd7 11. Bd2 Qb6 12. Qe4 Kh8 13. Bd3 f5 14. exf6 Nxf6 15.
Qh4 Kg8 16. Nc3 d5 17. Rae1 Ne4 18. Qh3 Rxf3 19. gxf3 Nxd2 20. Qxh7+ Kf7 21.
Qh5+ Kg8 22. Bg6 Nxf3+ 23. Qxf3 Bf6 24. Nxd5 Qxd4 25. Nc7 Ne5 26. Rxe5 Qxe5 27.
Nxa8 Bc6 28. Qh5 Qf4 29. Rd1 Bd4 30. Rxd4 Qxd4 31. Be8 Qd8 32. Bf7+ Kf8 33.
Bxe6 Qf6 34. Nc7 g6 35. Qh6+ Ke7 36. Qd2 Qe5 37. Bd5 Qxc7 38. Bxc6 bxc6 39. h3
Kf7 40. Kg2 Kg7 41. Qd4+ Kh7 42. Qc5 Qd7 43. Qe5 a6 44. Qe4 Qd6 45. h4 Kh6 46.
Kh3 c5 47. Kg4 Qd7+ 48. Kg3 Qb5 49. Qe5 Kh7 50. h5 Qd3+ 51. f3 c4 52. hxg6+
Qxg6+ 53. Kf4 Qh6+ 54. Ke4 Qc1 55. Qc3 Qf1 56. Kd5 Qd3+ 57. Kc5 a5 58. Qf6 a4
59. Qh4+ Kg7 60. Qd4+ Kh7 1-0

ï»¿

[Event "Ostravský koník 2017 - MÈR"]
[Site "Ostrava"]
[Date "2017.05.05"]
[Round "7"]
[White "Navara, David"]
[Black "Velicka, Petr"]
[Result "1/2-1/2"]
[WhiteElo "2732"]
[BlackElo "2432"]
[PlyCount "53"]

1. e4 c6 2. d4 d5 3. e5 Bf5 4. Nf3 e6 5. Be2 c5 6. O-O Nc6 7. c3 Bg4 8. Nbd2
cxd4 9. cxd4 Nge7 10. h3 Bxf3 11. Nxf3 Nf5 12. g4 Nh4 13. Nxh4 Qxh4 14. Qb3
Nxd4 15. Qa4+ Nc6 16. Bb5 Rc8 17. Qxa7 Qxh3 18. Bf4 Qxg4+ 19. Bg3 Be7 20. Qxb7
O-O 21. Bxc6 Bh4 22. Qb6 Bxg3 23. fxg3 Qxg3+ 24. Kh1 Qh3+ 25. Kg1 Qg3+ 26. Kh1
Qh3+ 27. Kg1 1/2-1/2

[Event "Ostravský koník 2017 - MÈR"]
[Site "Ostrava"]
[Date "2017.05.05"]
[Round "7"]
[White "Malinovsky, Karel"]
[Black "Stocek, Jiri"]
[Result "1/2-1/2"]
[WhiteElo "2479"]
[BlackElo "2560"]
[PlyCount "128"]

1. e4 Nf6 2. e5 Nd5 3. d4 d6 4. Nf3 dxe5 5. Nxe5 c6 6. Be2 Bf5 7. O-O Nd7 8.
Nf3 e6 9. c4 N5f6 10. Nc3 Ne4 11. Nxe4 Bxe4 12. Ng5 Bg6 13. d5 exd5 14. cxd5
Be7 15. dxc6 bxc6 16. Nf3 O-O 17. Be3 Rb8 18. b3 Qc7 19. Qd2 Bb4 20. Bf4 Qb7
21. Qb2 Rbe8 22. Nh4 Be4 23. f3 Bg6 24. Nxg6 hxg6 25. a3 Be7 26. Qc2 Nf6 27.
Bc4 Nd5 28. Bxd5 cxd5 29. b4 Rc8 30. Qd3 Rc4 31. Be5 Qb6+ 32. Kh1 Rd8 33. h3 a6
34. Rfe1 Bf6 35. Rad1 Qc6 36. Bxf6 gxf6 37. Qe3 d4 38. Qe7 Qb6 39. Rd3 Rc3 40.
Red1 Rc4 41. Qe4 Kg7 42. Qe7 Rd5 43. Qe4 Qd6 44. R3d2 f5 45. Qh4 Qc7 46. Qe1
Qf4 47. Qe2 Qc7 48. Qe1 Qc6 49. Qe2 Qb5 50. Kh2 Rd6 51. Qe7 Rd7 52. Qe2 d3 53.
Rxd3 Rc3 54. a4 Qb8+ 55. Kh1 Rdxd3 56. Rxd3 Rc1+ 57. Rd1 Rxd1+ 58. Qxd1 Qxb4
59. Qc2 f4 60. Qc6 a5 61. Kh2 Qe1 62. Qb5 Qg3+ 63. Kh1 Qe1+ 64. Kh2 Qg3+
1/2-1/2

[Event "Ostravský koník 2017 - MÈR"]
[Site "Ostrava"]
[Date "2017.05.05"]
[Round "7"]
[White "Simacek, Pavel"]
[Black "Hracek, Zbynek"]
[Result "1/2-1/2"]
[WhiteElo "2480"]
[BlackElo "2610"]
[PlyCount "59"]

1. e4 c5 2. Nf3 d6 3. d4 cxd4 4. Qxd4 Nf6 5. Bb5+ Bd7 6. c4 g6 7. Nc3 Bg7 8. h3
O-O 9. O-O a6 10. Bxd7 Nfxd7 11. Qe3 Nc6 12. Bd2 b5 13. cxb5 axb5 14. Rac1 Nc5
15. b3 Qb8 16. Nd5 b4 17. e5 Rxa2 18. Nxe7+ Nxe7 19. exd6 Qxd6 20. Bxb4 Nd5 21.
Qxc5 Qb8 22. Qxd5 Qxb4 23. Rc7 Ra5 24. Qc4 Rb5 25. Rb1 Qxc4 26. Rxc4 Rfb8 27.
b4 Bf8 28. Nd4 Rxb4 29. Rcxb4 Rxb4 30. Rxb4 1/2-1/2

[Event "Ostravský koník 2017 - MÈR"]
[Site "Ostrava"]
[Date "2017.05.05"]
[Round "7"]
[White "Krejci, Jan"]
[Black "Jansa, Vlastimil"]
[Result "1/2-1/2"]
[WhiteElo "2520"]
[BlackElo "2446"]
[PlyCount "131"]

1. e4 d6 2. d4 Nf6 3. Nc3 g6 4. Be3 Bg7 5. Qd2 c6 6. f3 b5 7. g4 Qa5 8. a3 Nbd7
9. g5 Nh5 10. Nge2 Nb6 11. b4 Qa6 12. Ng3 Nxg3 13. hxg3 Bd7 14. Kf2 Qb7 15. Rd1
a5 16. d5 axb4 17. axb4 O-O 18. Bd4 f6 19. dxc6 Bxc6 20. Bh3 f5 21. Bxg7 Nc4
22. Qe2 Kxg7 23. Rhe1 fxe4 24. Nxe4 Ra3 25. Rd3 Qa7+ 26. Kg2 Ne5 27. Rxa3 Qxa3
28. f4 Nc4 29. Kh2 Qxb4 30. Be6 Nb6 31. Nf2 Qc3 32. Nd3 Bd5 33. Bg4 Rf7 34. Qf2
Nc4 35. Re2 e5 36. Bf3 Bxf3 37. Qxf3 Qd4 38. Qc6 Ne3 39. Qf3 Nc4 40. Qc6 Ne3
41. Qf3 Nd5 42. Re4 Qc3 43. Qg2 exf4 44. gxf4 Ne7 45. Nb4 Qc5 46. Nd3 Qc3 47.
Nb4 Qc5 48. Nd3 Qd5 49. Nb4 Qd1 50. Re2 Qd4 51. Re4 Qd1 52. Re2 Nf5 53. Nd5 Qd4
54. Rd2 Qc4 55. Qh1 Ra7 56. Qe1 Ne7 57. Qe3 Qc5 58. Qe6 Nxd5 59. Qxd5 Qxd5 60.
Rxd5 Rc7 61. Rxd6 Rxc2+ 62. Kg3 b4 63. Rd7+ Kg8 64. Rd8+ Kf7 65. Rd7+ Kg8 66.
Rd8+ 1/2-1/2

[Event "Ostravský koník 2017 - MÈR"]
[Site "Ostrava"]
[Date "2017.05.05"]
[Round "7"]
[White "Plat, Vojtech"]
[Black "Obsivac, Josef"]
[Result "1/2-1/2"]
[WhiteElo "2510"]
[BlackElo "2361"]
[PlyCount "110"]

1. e4 e6 2. d4 d5 3. Nd2 a6 4. Ngf3 c5 5. exd5 exd5 6. dxc5 Bxc5 7. Nb3 Bb6 8.
Bg5 Nf6 9. Qe2+ Qe7 10. Qxe7+ Kxe7 11. Bd3 h6 12. Bh4 Nc6 13. O-O-O Be6 14.
Rhe1 Rhe8 15. c3 Rac8 16. Bc2 Kf8 17. Nfd4 Bd7 18. f3 Rxe1 19. Bxe1 Ne5 20. Bf2
Nc4 21. Nd2 Bc7 22. g3 Re8 23. Re1 Rxe1+ 24. Bxe1 g6 25. Bf2 h5 26. Bd3 Ne5 27.
Be2 Nc6 28. Nxc6 Bxc6 29. Nb3 h4 30. gxh4 Nh5 31. Kd2 Ke8 32. h3 Bf4+ 33. Be3
Bg3 34. Na5 Kd7 35. c4 Bd6 36. Nxc6 Kxc6 37. cxd5+ Kxd5 38. b3 b5 39. a4 Kc6
40. Bd3 f5 41. Bg5 Nf4 42. Bf1 Kc5 43. Kc2 Nh5 44. Bd8 Nf4 45. Bg5 Nh5 46. Be3+
Kc6 47. Kc3 Nf4 48. Bc1 Nh5 49. Bd2 Nf4 50. b4 Nh5 51. Kb3 Nf4 52. Be1 Nh5 53.
Kc2 Be7 54. Kb3 Bf6 55. Bf2 Kd5 1/2-1/2

[Event "Ostravský koník 2017 - MÈR"]
[Site "Ostrava"]
[Date "2017.05.05"]
[Round "7"]
[White "Haba, Petr"]
[Black "Vokac, Marek"]
[Result "1/2-1/2"]
[WhiteElo "2458"]
[BlackElo "2415"]
[PlyCount "27"]

1. e4 g6 2. d4 Bg7 3. Nc3 c6 4. h3 d6 5. Be3 b5 6. a3 a6 7. g4 Nd7 8. Nge2 Bb7
9. Bg2 c5 10. dxc5 Nxc5 11. O-O Qc7 12. Bd4 e5 13. Be3 Nf6 14. g5 1/2-1/2

[Event "Ostravský koník 2017 - MÈR"]
[Site "Ostrava"]
[Date "2017.05.05"]
[Round "7"]
[White "Zwardon, Vojtech"]
[Black "Kolar, Stanislav"]
[Result "0-1"]
[WhiteElo "2406"]
[BlackElo "2094"]
[PlyCount "110"]

1. c4 e5 2. g3 Nc6 3. Bg2 Nf6 4. Nf3 Bc5 5. O-O d6 6. e3 O-O 7. d4 Bb6 8. h3
Re8 9. Nc3 Bd7 10. a3 a5 11. Kh2 h6 12. dxe5 dxe5 13. Nd5 Bc5 14. Nxf6+ gxf6
15. Nh4 f5 16. Bd5 Bf8 17. Bd2 Bg7 18. Qh5 Qf6 19. Bc3 Be6 20. f4 Rad8 21. Rad1
a4 22. fxe5 Qg5 23. Qxg5 hxg5 24. Nxf5 Bf8 25. Bxe6 fxe6 26. Rxd8 Rxd8 27. Nd4
Re8 28. Nxc6 bxc6 29. Rd1 Bc5 30. Kg2 Rf8 31. Bd4 Be7 32. Rf1 Rb8 33. Kf3 Rf8+
34. Ke2 Rd8 35. Bc3 Kg7 36. g4 Rh8 37. Rd1 Rc8 38. Rd7 Kf8 39. Bb4 Bxb4 40.
axb4 Rb8 41. Rxc7 Rxb4 42. Rxc6 Rxb2+ 43. Kd3 Rb3+ 44. Kd4 Kf7 45. Ra6 a3 46.
Ra7+ Ke8 47. Kc5 Rd3 48. Kc6 Kd8 49. c5 Ke8 50. e4 Kd8 51. Ra4 Ke7 52. Ra8 Kf7
53. Kc7 Ke7 54. c6 Rxh3 55. Kc8 Rh8+ 0-1

[Event "Ostravský koník 2017 - MÈR"]
[Site "Ostrava"]
[Date "2017.05.05"]
[Round "7"]
[White "Sikorova, Olga"]
[Black "Roubalik, Jakub"]
[Result "1/2-1/2"]
[WhiteElo "2206"]
[BlackElo "2397"]
[PlyCount "160"]

1. c4 e5 2. g3 Nf6 3. Bg2 Nc6 4. Nc3 Bc5 5. e3 a6 6. Nge2 Ba7 7. O-O O-O 8. b3
d6 9. h3 Bf5 10. d4 exd4 11. Nxd4 Nxd4 12. exd4 Re8 13. Bb2 Ne4 14. Re1 Nxc3
15. Bxc3 Rxe1+ 16. Qxe1 Qd7 17. g4 Re8 18. Qd2 Be4 19. Bxe4 Rxe4 20. Re1 Rxe1+
21. Qxe1 c6 22. d5 cxd5 23. cxd5 h5 24. Qe4 Qc8 25. Bd2 hxg4 26. hxg4 Qd8 27.
g5 Qd7 28. Kg2 Qb5 29. Bf4 Qd7 30. Bg3 g6 31. Qf4 Bb8 32. a4 Bc7 33. Qe4 Bd8
34. f4 Be7 35. Kf3 Bf8 36. Qc2 Qh3 37. Kf2 Qh1 38. f5 Qxd5 39. fxg6 Qxg5 40.
gxf7+ Kg7 41. Qc3+ Qf6+ 42. Qxf6+ Kxf6 43. Ke3 Kxf7 44. Kd3 Ke6 45. Kc4 Bh6 46.
Bf2 Bf4 47. Kd4 b5 48. axb5 axb5 49. Be1 Bc1 50. Ke4 Bb2 51. Bd2 Ba3 52. Bc3
Bc5 53. Bd2 d5+ 54. Kd3 Kf5 55. Bc3 Kf4 56. Bd4 Bd6 57. Bb6 Be5 58. Bc5 Bb2 59.
Bd4 Ba3 60. Bb6 Bb2 61. Bd4 Ba3 62. Bb6 Ke5 63. Bd4+ Kd6 64. Be3 Bb2 65. Bf2
Kc6 66. Be3 Ba3 67. Bd4 Bc5 68. Bc3 Bb6 69. Bb4 Bc7 70. Ba3 Bg3 71. Bb4 Bf2 72.
Ba3 Kb6 73. Bb4 Bg1 74. Be7 Bc5 75. Bd8+ Ka6 76. Bh4 Ka5 77. Be1+ Bb4 78. Bh4
Bf8 79. Be1+ Kb6 80. Bf2+ Kc6 {Ke4} 1/2-1/2

[Event "Ostravský koník 2017 - MÈR"]
[Site "Ostrava"]
[Date "2017.05.05"]
[Round "7"]
[White "Havlikova, Kristyna"]
[Black "Vlasak, Lukas"]
[Result "1/2-1/2"]
[WhiteElo "2251"]
[BlackElo "2375"]
[PlyCount "56"]

1. e4 c5 2. Nf3 e6 3. d4 cxd4 4. Nxd4 Nc6 5. Nc3 Qc7 6. g3 a6 7. Bg2 Nf6 8. O-O
Nxd4 9. Qxd4 Bc5 10. Qd3 d6 11. Bf4 Nd7 12. Na4 e5 13. Bd2 Bd4 14. Nc3 Nf6 15.
Ne2 Bc5 16. Bg5 Ng4 17. Nc3 Be6 18. Nd5 Bxd5 19. Qxd5 h6 20. Bc1 O-O 21. Bh3
Nf6 22. Qd3 Qc6 23. Re1 Rad8 24. c4 Qb6 25. Re2 Nh7 26. Bg4 Nf6 27. Bh3 Nh7 28.
Bg4 Nf6 1/2-1/2

[Event "Ostravský koník 2017 - MÈR"]
[Site "Ostrava"]
[Date "2017.05.05"]
[Round "7"]
[White "Vavra, Pavel"]
[Black "Bartos, Jan"]
[Result "1/2-1/2"]
[WhiteElo "2390"]
[BlackElo "2157"]
[PlyCount "24"]

1. e3 e5 2. c4 Nf6 3. Nc3 d5 4. cxd5 Nxd5 5. Qb3 Nxc3 6. bxc3 Bd6 7. d4 exd4 8.
cxd4 O-O 9. Nf3 Nd7 10. Bd3 c5 11. Bb2 cxd4 12. exd4 Nf6 1/2-1/2

[Event "Ostravský koník 2017 - MÈR"]
[Site "Ostrava"]
[Date "2017.05.05"]
[Round "7"]
[White "Rabatin, Jakub"]
[Black "Belunek, Vladimir"]
[Result "1-0"]
[WhiteElo "2286"]
[BlackElo "2248"]
[PlyCount "109"]

1. d4 Nf6 2. Nf3 e6 3. c4 d5 4. Nc3 c6 5. Bg5 Nbd7 6. e3 Qa5 7. Nd2 dxc4 8.
Bxf6 Nxf6 9. Nxc4 Qc7 10. Be2 Be7 11. O-O O-O 12. Rc1 Rd8 13. Qc2 Bd7 14. Ne5
Rac8 15. Ne4 Be8 16. f4 Nd5 17. Qb3 Qb6 18. Qxb6 axb6 19. Kf2 f6 20. Nf3 Ra8
21. a3 Bg6 22. Ned2 b5 23. g3 b4 24. e4 Nc7 25. axb4 Bxb4 26. Ke3 Bf7 27. Nc4
c5 28. Nb6 Ra5 29. Kf2 Ra2 30. Rc2 Bg6 31. f5 Bf7 32. fxe6 Nxe6 33. d5 Nc7 34.
Rd1 Ne8 35. Bc4 Ra7 36. Bb3 Ra6 37. Na4 b6 38. Nc3 Nd6 39. Re2 c4 40. Bc2 Bh5
41. e5 fxe5 42. Rxe5 Bc5+ 43. Kg2 Bxf3+ 44. Kxf3 b5 45. Re6 Ra7 46. Ne4 Rf7+
47. Kg4 Bb4 48. Ng5 Rf2 49. Bxh7+ Kh8 50. Bg6 Bd2 51. Nf3 c3 52. bxc3 Bxc3 53.
Rd3 Bb4 54. Ne5 Rb8 55. Nc6 1-0

[Event "Ostravský koník 2017 - MÈR"]
[Site "Ostrava"]
[Date "2017.05.05"]
[Round "7"]
[White "Vanek, Tomas"]
[Black "Macicek, Jakub"]
[Result "1/2-1/2"]
[WhiteElo "2134"]
[BlackElo "2284"]
[PlyCount "21"]

1. b3 Nf6 2. Bb2 g6 3. f4 Bg7 4. Nf3 c5 5. e4 d6 6. Bb5+ Bd7 7. Bxd7+ Nbxd7 8.
Qe2 O-O 9. Nc3 e5 10. fxe5 dxe5 11. g3 1/2-1/2

[Event "Ostravský koník 2017 - MÈR"]
[Site "Ostrava"]
[Date "2017.05.05"]
[Round "7"]
[White "Jurek, Josef"]
[Black "Novosadova, Kristyna"]
[Result "1-0"]
[WhiteElo "2277"]
[BlackElo "2198"]
[PlyCount "133"]

1. Nf3 Nf6 2. c4 g6 3. d4 Bg7 4. g3 O-O 5. Bg2 d5 6. cxd5 Nxd5 7. O-O Nb6 8.
Nc3 Nc6 9. d5 Na5 10. e4 c6 11. Bg5 h6 12. Bf4 Nac4 13. b3 Bxc3 14. Rc1 cxd5
15. Rxc3 dxe4 16. bxc4 Qxd1 17. Rxd1 Bg4 18. Bxh6 Rfc8 19. Rdc1 Bxf3 20. Bxf3
exf3 21. Rxf3 Rxc4 22. Rb1 Rac8 23. Ra3 Kh7 24. Be3 Nd5 25. Rxb7 a5 26. Rd7
Nxe3 27. Rxe3 R8c7 28. Rexe7 Rxd7 29. Rxd7 Kg7 30. Rd3 f5 31. Kg2 Kf6 32. Rd6+
Kg5 33. h4+ Kh6 34. Rd3 a4 35. Kf3 Re4 36. Rd7 Rc4 37. Ke3 Rc3+ 38. Rd3 Rc2 39.
Ra3 Rc4 40. Kd3 Rb4 41. Ke3 f4+ 42. gxf4 Kh5 43. Rd3 Rb2 44. Kf3 Rxa2 45. Kg3
Rb2 46. Rd5+ Kh6 47. Ra5 Rb4 48. f3 Rc4 49. Kg4 Rb4 50. h5 gxh5+ 51. Rxh5+ Kg6
52. Ra5 Kf6 53. Ra6+ Ke7 54. Kg5 Rb3 55. f5 Rxf3 56. Ra7+ Kd6 57. Rxa4 Ke7 58.
Ra7+ Ke8 59. Kf6 Rb3 60. Ra8+ Kd7 61. Kf7 Rb7 62. f6 Rb1 63. Kf8 Rh1 64. Ra7+
Kd6 65. f7 Rb1 66. Ra6+ Kd7 67. Kg7 1-0

[Event "Ostravský koník 2017 - MÈR"]
[Site "Ostrava"]
[Date "2017.05.05"]
[Round "7"]
[White "Malik, Jan"]
[Black "Freisler, Pavel"]
[Result "0-1"]
[WhiteElo "2290"]
[BlackElo "2256"]
[PlyCount "106"]

1. e4 e5 2. Nf3 Nc6 3. Bb5 Nf6 4. d3 d6 5. O-O g6 6. d4 Bd7 7. Nc3 exd4 8. Nxd4
Bg7 9. Nd5 Nxd4 10. Qxd4 c6 11. Bg5 cxd5 12. Bxd7+ Kxd7 13. exd5 h6 14. Bh4 g5
15. Bg3 Qa5 16. c4 Rhe8 17. b4 Qxb4 18. Rab1 Qc5 19. Rxb7+ Kd8 20. Qd3 Rc8 21.
Rxf7 Rc7 22. Qg6 Rxf7 23. Qxf7 Re7 24. Qg6 Ne4 25. Rb1 Kc7 26. Re1 Qb4 27. Rf1
Qxc4 28. Rb1 Bd4 29. Qg8 Bb6 30. Qf8 Kd7 31. Qf5+ Kc7 32. Qf8 Rd7 33. Re1 Qxd5
34. Qf3 Re7 35. Qf8 Kd7 36. h4 Rf7 37. Qb8 Nxg3 38. Qe8+ Kc7 39. Rc1+ Bc5 40.
Rb1 Bxf2+ 41. Kh2 Bb6 42. Rc1+ Bc5 43. Rb1 Qf5 44. Qb8+ Kd7 45. Rb7+ Kc6 46.
Rb3 Nf1+ 47. Kh1 Nd2 48. Qa8+ Kd7 49. Rb7+ Ke6 50. Qe8+ Kd5 51. Rxf7 Qb1+ 52.
Kh2 Qg1+ 53. Kg3 gxh4+ 0-1